logo

Bir Sreshtho Munshi Abdur Rouf Library
Jhenaidah Cadet College

Work methods and measurement for management / (Record no. 5418)

MARC details
000 -LEADER
fixed length control field 00745pam a2200277 a 4500
001 - CONTROL NUMBER
JCCL Control Number 5418
003 - CONTROL NUMBER IDENTIFIER
JCCL marc code BD-JhCC
005 - DATE AND TIME OF LATEST TRANSACTION
control field 20171213200051.0
008 - FIXED-LENGTH DATA ELEMENTS--GENERAL INFORMATION
fixed length control field 880921s1989 nyua b 001 0 eng
020 ## - INTERNATIONAL STANDARD BOOK NUMBER
International Standard Book Number 0827338309
020 ## - INTERNATIONAL STANDARD BOOK NUMBER
Cancelled/invalid ISBN 0534914616
035 ## - SYSTEM CONTROL NUMBER
system control number (BD-JhCC)
040 ## - CATALOGING SOURCE
Original cataloging agency DLC
Transcribing agency DLC
Modifying agency DLC
041 ## - LANGUAGE CODE
Language code of Book eng
050 00 - LIBRARY OF CONGRESS CALL NUMBER
Classification number T60.6
Item number .D68 1989
082 00 - DEWEY DECIMAL CLASSIFICATION NUMBER
Classification number 658.5/42
DDC Edition number 19
Author mark and Year DOT 1989
100 1# - MAIN ENTRY--PERSONAL NAME
Personal name Doty, Leonard A.
245 10 - TITLE STATEMENT
Title Work methods and measurement for management /
Statement of responsibility, etc Leonard A. Doty.
260 ## - PUBLICATION, DISTRIBUTION, ETC. (IMPRINT)
Place of publication, distribution, etc Albany, NY :
Name of publisher, distributor, etc Delmar,
Date of publication, distribution, etc c1989.
300 ## - PHYSICAL DESCRIPTION
Pagination xi, 351 p. :
Other physical details ill. ;
Dimensions 24 cm.
504 ## - BIBLIOGRAPHY, ETC. NOTE
Bibliography, etc Includes bibliographical references.
650 #0 - SUBJECT ADDED ENTRY--TOPICAL TERM
Topical term or geographic name as entry element Methods engineering.
650 #0 - SUBJECT ADDED ENTRY--TOPICAL TERM
Topical term or geographic name as entry element Work measurement.
942 ## - ADDED ENTRY ELEMENTS (KOHA)
Source of classification or shelving scheme Dewey Decimal Classification
Koha item type Books
Holdings
Source of classification or shelving scheme Damaged status Not for loan Home library Current library Shelving location Total Checkouts Full call number Barcode Date last seen Copy number Koha item type
Dewey Decimal Classification     JCC Rouf Library JCC Rouf Library General Stacks   658.5/42 DOT 1989 7519 12/13/2017 C - 1 Books

JCC Library | Contacts | JCC Home

Last Update on 23 September 2017
Copyright @ 2017-2020 JCC Rouf Library
Rouf Library, Jhenidah Cadet College (JCC), Bangladesh